Guess the characters from Troy ( 2004 ). - Statistics

General Stats
  • This quiz has been taken 24 times
  • The average score is 7 of 13
Answer Stats
Hint Answer % Correct
3 Younger brother of number 2 Prince Paris
100%
6 Leader of the myrmidons Achilles
87%
2 Eldest son of number 1 Prince Hector
80%
1 King of Troy King Priam
67%
9 Wants to rule all of Greece Agamemnon
60%
13 God that number 1 worships Apollo
60%
10 Younger brother of number 9 Menelaus
53%
8 Old friend of number 6 Odysseus
47%
7 Cousin of number 6 Patroclus
40%
12 Lost to number 6 in the beginning of the film Boagrius
33%
11 Cousin of number 2 and 3 Briseis
33%
5 Love interest of number 3 Helen of Troy
27%
4 Wife of number 2 Andromache
20%
No matching quizzes found
Score Distribution
Percent of People with Each Score
Percentile by Number Answered
Your Score History
You have not taken this quiz